First things first : to live, to love, to learn, to leave a legacy (Record no. 7035)

000 -LEADER
fixed length control field 00555 a2200169 4500
020 ## - INTERNATIONAL STANDARD BOOK NUMBER
International Standard Book Number 0671712837
082 ## - DEWEY DECIMAL CLASSIFICATION NUMBER
Classification number 158.1
090 ## - LOCALLY ASSIGNED LC-TYPE CALL NUMBER (OCLC); LOCAL CALL NUMBER (RLIN)
-- 3120
-- 3120
100 ## - MAIN ENTRY--PERSONAL NAME
Personal name Covey, Stephen R.
245 ## - TITLE STATEMENT
Title First things first : to live, to love, to learn, to leave a legacy
Statement of responsibility, etc. Stephen R.Covey
260 ## - PUBLICATION, DISTRIBUTION, ETC.
Place of publication, distribution, etc. New York :
Name of publisher, distributor, etc. Simon & Schuster
Date of publication, distribution, etc. c1994
300 ## - PHYSICAL DESCRIPTION
Extent 360 p.
Other physical details ill.
Dimensions 25 cm
500 ## - GENERAL NOTE
General note Includes bibliographical references and index
650 ## - SUBJECT ADDED ENTRY--TOPICAL TERM
Topical term or geographic name entry element 1.Conduct of life.2. Time management
700 ## - ADDED ENTRY--PERSONAL NAME
Personal name 1.A. Roger Merrill .2.Rebecca R Merrill
942 ## - ADDED ENTRY ELEMENTS (KOHA)
Koha item type Book
Call number prefix 158.1 COV
Holdings
Withdrawn status Lost status Damaged status Not for loan Collection code Permanent Location Current Location Shelving location Date acquired Source of acquisition Cost, normal purchase price Total Checkouts Total Renewals Full call number Barcode Checked out Date last seen Date last checked out Price effective from Koha item type
          Central Library (CL) Central Library (CL) Fiction 11/11/2004 Academic Book Company 607.50 7 1 158.1 COV SEECS005039 12/18/2018 11/18/2018 11/18/2018 01/05/2017 Book
          Central Library (CL) Central Library (CL) General Stacks 11/27/2006 Donation 0.00 7 3 158.1 COV SEECS007821   04/14/2026 04/09/2025 01/05/2017 Book
© 2023 Central Library, National University of Sciences and Technology. All Rights Reserved.